000 00396pab a2200157 454500
008 180718b1984 xxu||||| |||| 00| 0 eng d
100 _aHough, Wesley C
245 _aFinancing solid waste - to - energy facilities
260 _c1984
300 _a31-8
362 _aJune
650 _aWaste, Utilization of
700 _aDavid C. Sturtevant
773 _aGovernment Finance
909 _a20553
999 _c20553
_d20553